MARC details
| 000 -LEADER |
| fixed length control field |
00922nam a22002297a 4500 |
| 003 - CONTROL NUMBER IDENTIFIER |
| control field |
OSt |
| 005 - DATE AND TIME OF LATEST TRANSACTION |
| control field |
20250709020625.0 |
| 008 - FIXED-LENGTH DATA ELEMENTS--GENERAL INFORMATION |
| fixed length control field |
250709b |||||||| |||| 00| 0 eng d |
| 020 ## - INTERNATIONAL STANDARD BOOK NUMBER |
| International Standard Book Number |
978-971-93801-2-2 |
| 040 ## - CATALOGING SOURCE |
| Original cataloging agency |
DWC-Main Lib |
| Transcribing agency |
OC |
| 082 ## - DEWEY DECIMAL CLASSIFICATION NUMBER |
| Classification number |
Fil. 378 C737 2008 |
| 100 ## - MAIN ENTRY--PERSONAL NAME |
| Personal name |
Salazar-Clemeña, Rose Marie |
| 245 ## - TITLE STATEMENT |
| Title |
Competition, collaboration and change in the academic profession: |
| Remainder of title |
shaping higher education's contribution to knowledge and research/ |
| Statement of responsibility, etc. |
Rose Marie Salazar-Clemeña & V. Lynn Meek |
| 260 ## - PUBLICATION, DISTRIBUTION, ETC. |
| Place of publication, distribution, etc. |
Quezon City: |
| Name of publisher, distributor, etc. |
Libro Amigo, |
| Date of publication, distribution, etc. |
c2008. |
| 300 ## - PHYSICAL DESCRIPTION |
| Extent |
vi, 211 pages: |
| Other physical details |
illustrations; |
| Dimensions |
22cm. |
| 650 ## - SUBJECT ADDED ENTRY--TOPICAL TERM |
| Topical term or geographic name entry element |
1. Education, Higher--Asia--Research--Congresses. |
| 650 ## - SUBJECT ADDED ENTRY--TOPICAL TERM |
| Topical term or geographic name entry element |
2. Education, Higher--Pacific Area--Research--Congresses. |
| 650 ## - SUBJECT ADDED ENTRY--TOPICAL TERM |
| Topical term or geographic name entry element |
3. Higher education and state--Asia. |
| 650 ## - SUBJECT ADDED ENTRY--TOPICAL TERM |
| Topical term or geographic name entry element |
4. Higher education and state--Pacific Area. |
| 700 ## - ADDED ENTRY--PERSONAL NAME |
| Personal name |
Meek, Lynn V. |
| 942 ## - ADDED ENTRY ELEMENTS (KOHA) |
| Source of classification or shelving scheme |
Dewey Decimal Classification |
| Koha item type |
Book-Filipiniana |
| Call number prefix |
Fil. |
| Suppress in OPAC |
No |
| 952 ## - LOCATION AND ITEM INFORMATION (KOHA) |
| -- |
|